| 000 | 00857cab a22002055a 4500 | ||
|---|---|---|---|
| 001 | L146901 | ||
| 008 | 090309e20090307xxk f s 000 0 eng d | ||
| 035 | _a(Sirsi) u146901 | ||
| 041 | 0 | _aeng | |
| 100 | 1 | _aPhillips, Mike | |
| 245 | 0 | 0 | _aEG finance |
| 260 | _c2008 | ||
| 490 |
_aEstates Gazette _v(0909) 7 March 2009, 49-63(7) |
||
| 520 | _aReports on problems in property fund management and how managers can deal with them. Explains that with everyone in financial trouble and big banks being bailed out with public money, lenders are having to be seen to be doing all they can with problem loans. Reveals that, as loan defaults are on the increase generally, tensions are emerging between investors who bought up slices of bad debt. | ||
| 590 | _aKA | ||
| 651 | 4 |
_aUnited Kingdom _y |
|
| 690 | _aPROPERTY | ||
| 700 | 1 | _aNorman, Paul | |
| 942 | _n0 | ||
| 999 |
_c81321 _d81321 |
||